Theory of computation : (Record no. 22656)

MARC details
000 -LEADER
fixed length control field 00927cam a2200277 i 4500
003 - CONTROL NUMBER IDENTIFIER
control field EG-ScBUE
005 - DATE AND TIME OF LATEST TRANSACTION
control field 20260503103727.0
008 - FIXED-LENGTH DATA ELEMENTS--GENERAL INFORMATION
fixed length control field 161017s2013 ii a f bd 001 0 eng d
020 ## - INTERNATIONAL STANDARD BOOK NUMBER
International Standard Book Number 9781118546796
040 ## - CATALOGING SOURCE
Original cataloging agency EG-ScBUE
Language of cataloging eng
Description conventions rda
Transcribing agency EG-ScBUE
Modifying agency EG-ScBUE
082 04 - DEWEY DECIMAL CLASSIFICATION NUMBER
Edition number 22
Classification number 511.352
Item number MAH
100 1# - MAIN ENTRY--PERSONAL NAME
Personal name Mahesh, Kavi,
Relator term author.
245 10 - TITLE STATEMENT
Title Theory of computation :
Remainder of title a problem-solving approach /
Statement of responsibility, etc Dr. Kavi Mahesh.
264 #1 - PUBLICATION, DISTRIBUTION, ETC. (IMPRINT)
Place of publication, distribution, etc New Delhi :
Name of publisher, distributor, etc John Wiley & Sons,
Date of publication, distribution, etc 2013.
300 ## - PHYSICAL DESCRIPTION
Extent xxii, 342 pages :
Other physical details illustrations ;
Dimensions 24 cm
336 ## - CONTENT TYPE
Source rdacontent
Content type term text
Content type code txt
337 ## - MEDIA TYPE
Media type term unmediated
Source rdamedia
Media type code n
338 ## - CARRIER TYPE
Carrier type term volume
Carrier type code nc
Source rdacarrier
500 ## - GENERAL NOTE
General note Includes glossary.<br/>
504 ## - BIBLIOGRAPHY, ETC. NOTE
Bibliography, etc Includes bibliographical references and index.<br/>
650 #7 - SUBJECT ADDED ENTRY--TOPICAL TERM
Source of heading or term BUEsh
Topical term or geographic name as entry element Computable functions.
650 #7 - SUBJECT ADDED ENTRY--TOPICAL TERM
Topical term or geographic name as entry element Functional programming languages.
Source of heading or term BUEsh
653 ## - INDEX TERM--UNCONTROLLED
Resource For college Informatics and Computer Science
Arrived date list October2016
655 ## - INDEX TERM--GENRE/FORM
Form subdivision Reading book
942 ## - ADDED ENTRY ELEMENTS (KOHA)
Source of classification or shelving scheme Dewey Decimal Classification
Koha item type Book - Borrowing
Holdings
Withdrawn status Lost status Source of classification or shelving scheme Damaged status Not for loan Collection code Home library Current library Shelving location Date acquired Source of acquisition Cost, normal purchase price Serial Enumeration / chronology Total Checkouts Total Renewals Full call number Barcode Date last seen Date checked out Cost, replacement price Price effective from Koha item type
    Dewey Decimal Classification     Academic Bookshop Central Library Central Library First floor 17/10/2016 Purchase 150.00 9128 2 32 511.352 MAH 000034173 29/09/2025 26/01/2025 187.50 17/10/2016 Book - Borrowing